| 000 | 00747nam a2200241 a 4500 | ||
|---|---|---|---|
| 008 | |||
| 020 | _a0797410864 (pbk.) | ||
| 049 | _aMAIN | ||
| 090 | 0 | 1 | _aJQ1875.A1MOY |
| 100 | 1 | _aMoyo, Janathan N. | |
| 245 | 1 | 4 |
_aThe politics of administration : _bunderstanding bureaucracy in Africa / _cJonathan N. Moyo. |
| 260 |
_aHarare : _bSAPES Books, _c1992. |
||
| 300 |
_axxiii, 151 p. : _bill. ; _c21 cm. |
||
| 504 | _aIncludes bibliographical references. | ||
| 500 | _aIncludes index. | ||
| 650 | 0 |
_aPublic administration _zAfrica. |
|
| 650 | 0 |
_aBureaucracy _zAfrica. |
|
| 907 |
_a.b10172038 _b23-08-05 _c18-08-05 |
||
| 003 | |||
| 005 | 20230123134051.0 | ||
| 040 | _cNUST | ||
| 942 |
_cBOOKS _kJQ1875.A1MOY |
||
| 999 |
_c159459 _d159459 |
||